El desafío de la formación ciudadana: principios para un modelo de integración curricular en Lenguaje y Comunicación y Estudio y Comprensión de la Sociedad para la EGB
Guardat en:
| Autors principals: | , , , , |
|---|---|
| Format: | Llibre |
| Idioma: | espanyol |
| Publicat: |
Concepción
Universidad de Concepción
2010
|
| Edició: | 1a. ed |
| Matèries: | |
| Etiquetes: |
Afegir etiqueta
Sense etiquetes, Sigues el primer a etiquetar aquest registre!
|
MARC
| LEADER | 00000cam a2200000 a 4500 | ||
|---|---|---|---|
| 001 | UCF8140 | ||
| 003 | CL-VaPUC | ||
| 008 | 130802e20101200cl |||||||||||||||||spa|d | ||
| 020 | |a 9789567909094 | ||
| 082 | 0 | 4 | |a 372.832043 |b MUÑ |2 21 |
| 100 | |a Muñoz Labraña, Carlos E. |e autor |9 603442 | ||
| 700 | 0 | |a Victoriano Lamilla, Ramón |e author |9 570221 | |
| 700 | 0 | |a Luengo Rodríguez, Héctor |e author |9 570222 | |
| 700 | 0 | |a Ansorena Carrasco, Natalia |e author |9 570223 | |
| 700 | 0 | |a Nail Comicheo, Natalia |e author |9 570224 | |
| 245 | 1 | 3 | |a El desafío de la formación ciudadana: principios para un modelo de integración curricular en Lenguaje y Comunicación y Estudio y Comprensión de la Sociedad para la EGB |
| 250 | |a 1a. ed | ||
| 300 | |a 134 p | ||
| 942 | |c BK | ||
| 945 | |d 20130802 12:08:00 |a dcastane | ||
| 260 | |a Concepción |b Universidad de Concepción |c 2010 | ||
| 650 | 0 | |a Educación cívica |9 314665 | |
| 650 | 0 | |a Planificación del currículo |9 269599 | |
| 650 | 0 | |a Métodos de enseñanza |9 270413 | |
| 650 | 0 | |a Comunicación digital |9 260754 | |
| 650 | 0 | |a Educación básica |9 224933 | |
| 583 | |a last modification |c 20130802 12:08:00 |k Rodrigo Vera | ||
| 999 | |c 352790 |d 352788 | ||
| 952 | |0 0 |1 0 |4 0 |6 372_832043000000000_MUÑ_2010 |7 0 |8 A |9 457459 |a BIBHIS |b BIBHIS |d 2019-11-22 |i 4991575 |o 372.832043 MUÑ 2010 |p 4991575 |r 2025-01-20 |w 2019-11-22 |y BK |k HIS | ||
| 952 | |0 0 |1 0 |4 0 |6 372_832043000000000_MUÑ_2010 |7 0 |8 A |9 457460 |a BIBHIS |b BIBHIS |d 2019-11-22 |i 4991583 |l 1 |o 372.832043 MUÑ 2010 |p 4991583 |r 2025-01-20 |s 2022-08-18 |w 2019-11-22 |y BK |k HIS | ||
| 952 | |0 0 |1 0 |4 0 |6 372_832043000000000_MUÑ_2010 |7 0 |8 A |9 457461 |a BIBHIS |b BIBHIS |d 2019-11-22 |i 4991591 |o 372.832043 MUÑ 2010 |p 4991591 |r 2025-01-20 |w 2019-11-22 |y BK |k HIS | ||
| 952 | |0 0 |1 0 |4 0 |6 372_832043000000000_MUÑ_2010 |7 0 |8 A |9 457462 |a BIBHIS |b BIBHIS |d 2019-11-22 |i 4991605 |o 372.832043 MUÑ 2010 |p 4991605 |r 2025-01-20 |w 2019-11-22 |y BK |k HIS | ||